2つ以上の駅名に使われている漢字(サドンデス)③ - Statistics

General Stats
  • This quiz has been taken 31 times
  • The average score is 10 of 60
Answers on the Grid
Answers color-coded by a green-red scale on the quiz's grid according to % correct below.
 
Answer Stats
Answer % Correct
乃木坂駅、乃木駅、美乃坂本駅、美乃浜学園駅
35%
夢洲駅、夢前川駅
35%
五位堂駅、JR五位堂駅、五位野駅、及位駅
30%
網干駅、山陽網干駅、干潟駅、干拓の里駅
30%
指宿駅、小手指駅、指扇駅、金指駅
30%
益田駅、益子駅、益生駅、徳益駅
30%
安食駅、和食駅
30%
八柱駅、新八柱駅、柱野駅
30%
男鹿、男鹿高原、男川、男衾
30%
弁天町駅、弁天橋駅、弁天島駅
30%
大曲駅、北大曲駅、千曲駅、河曲駅、曲沢駅
30%
焼津駅、西焼津駅、焼石駅
30%
逆井駅、逆瀬川駅
25%
然別駅、自然園前駅
25%
五反田駅、五反野駅、反町駅、六反地駅
25%
弓ケ浜駅、弓削駅
25%
氷見駅、氷川台駅、伊予氷見駅
25%
大歩危駅、小歩危駅
20%
等々力駅、徳力公団前駅、徳力嵐山口駅、ふれあい生力駅、手力駅
20%
覚王山駅、永覚駅、明覚駅
20%
弥刀駅、石刀駅、太刀洗駅、西太刀洗駅
20%
妹背牛、妹尾、備中呉妹
20%
分倍河原駅、阿倍野駅、安倍川駅
20%
兵庫駅、下兵庫駅、下兵庫こうふく駅
20%
要町駅、要田駅
20%
喜連瓜破駅、瓜連駅
20%
臼杵駅、上臼杵駅、京成臼井駅、臼田駅、茶臼山駅
20%
三才駅、石才駅
20%
因幡船岡駅、因幡社駅
15%
新在家駅、谷在家駅、在良駅、大在駅
15%
定光寺駅、国定駅
15%
宗吾参道駅、宗太郎駅、用宗駅、宗道駅
15%
田無駅、水無瀬駅、鬼無駅
15%
仲御徒町駅、門前仲町駅、仲町台駅、仲ノ町駅
15%
新函館北斗駅、加斗駅、斗米駅、斗賀野駅
15%
苦楽園口駅、苦竹駅
15%
福俵駅、俵田駅
15%
開聞駅、東開聞駅
15%
両国駅、川根両国駅、大村車両基地駅、両石駅
15%
身延駅、一身田駅、東一身田駅
15%
四天王寺前夕陽ケ丘駅、新夕張駅、夕日ケ浦木津温泉駅
15%
庚申塚駅、新庚申塚駅、真申駅
15%
祖師ヶ谷大蔵駅、祖母島駅、祖谷口駅
10%
好摩駅、三好ケ丘駅、三好町駅
10%
小伝馬町駅、熱田神宮伝馬町駅、伝法駅
10%
天理駅、芳賀町工業団地管理センター前駅、亘理駅
10%
三宅八幡駅、額住宅前駅
5%
交通局前駅、神田交通局前駅、郵便局前駅
5%
思川駅、思案橋駅
5%
北助松駅、助信駅
5%
琴似駅(JR北海道、札幌市営地下鉄)、新琴似駅、似内駅
5%
一乗谷、一乗寺、大乗
5%
勇知駅、勇払駅
5%
北千束駅、安芸長束駅、日向大束駅
5%
中央図書館前駅、美術館図書館前駅
5%
伊集院駅、上伊集院駅
5%
文化の森駅、日華化学前駅
0%
田主丸駅、大浦天主堂駅
0%
高崎問屋町駅、問寒別駅
0%
原爆資料館駅、陶磁資料館南駅、西御料駅
0%
No matching quizzes found
Score Distribution
Percent of People with Each Score
Percentile by Number Answered
Your Score History
You have not taken this quiz